000 01453cam a22002891i 4500
003 SA-RiAUC
005 20250529074538.0
008 250507s2007 ||| g 000r0dara c
040 _aSA-JeALM
_bara
_cSA-RiAUC
_erda
082 0 4 _a234.6
090 _a234.6
_bا ل و
100 1 _aالآلوسي، نعمان بن محمود بن عبد الله،
_d1252-1317 هجري
_eمؤلف.
245 1 0 _aثبت وإجازة العلامة خير الدين الألوسي (1252-1317 هـ) من علامة الشام الشيخ محمود الحمزاوي الدمشقي (1243-1305 هـ) /
_cاعتناء وتقديم عدنان أبو زيد.
264 1 _aدمشق :
_bدار النوادر،
_c2007
300 _a39 صفحة ؛
_c24 سم
336 _aنص
_btxt
_2rdacontent
_3كتاب
337 _aبدون وسيط
_bn
_2rdamedia
338 _aمجلد
_bnc
_2rdacarrier
600 1 7 _aالآلوسي، نعمان بن محمود بن عبد الله،
_d1252-1317 هجري
_2aucnm
600 1 7 _aمحمود حمزة، محمود بن محمد نسيب بن حسين،
_d1236-1305 هجري
_2aucnm
650 7 _aالإجازات العلمية
_2aucsh
650 7 _aالإجازة (علم الحديث)
_2aucsh
700 1 _aمحمود حمزة، محمود بن محمد نسيب بن حسين،
_d1236-1305 هجري
_eمؤلف.
700 1 _aأبو زيد، عدنان
_eمقدم.
942 _2ddc
_cBOOK
_n0
949 _aSA-JeALM
_d250507
_umohamedma123
_n1
999 _c7797
_d7797